000 00798cab a2200241 4500
001 ABS59947
008 090401t1999 xxu||||| |||| 00| 0 eng d
035 _a(Sirsi) u91018
041 _aeng
100 _aDavoudi, S.
245 2 _aA quantum leap for planners
260 _c1999
350 _a0
490 _aTown & Country Planning
_v68(1) January 1999, 20-23(4)
520 _aAn examination of changes in approaches to waste management which have taken place this century. Focuses on developments in the role of the planning system, and the planner, in waste management strategy.
650 _aPLANNERS
650 _aPLANNING SYSTEM
650 _aWASTE DISPOSAL
650 _aWASTE MANAGEMENT
690 _aENVIRONMENTAL AND LAND CONSULTANCY
942 _n0
948 _c02/02/1999
999 _c57751
_d57751